Представление документа в формате MARC21

ПолеНазваниеЗначение
  Тип записи a
  Библиографический уровень m
001 Контрольный номер RU\infra-m\znanium\bibl\2234255
005 Дата корректировки 20260429142238.5
008 Кодируемые данные 260120s2025 RU g rus u
020 Индекс ISBN __
a ISBN 978-5-9614-5793-3
040 Источник каталогиз. __
a Служба первич. каталог. Общество с ограниченной ответственностью «ЗНАНИУМ»
041 Код языка издания __
a Код языка текста rus
044 Код страны публикации __
a Код страны публикации RU
080 Индекс УДК __
a Индекс УДК 650
084 Индекс другой классификации/Индекс ББК __
2 Источник индекса rubbk
a Индекс другой классификации/Индекс ББК 6529
084 Индекс другой классификации/Индекс ББК __
2 Источник индекса rubbk
a Индекс другой классификации/Индекс ББК 884
084 Индекс другой классификации/Индекс ББК __
2 Источник индекса okso
a Индекс другой классификации/Индекс ББК 37.03.01
245 Заглавие __
a Заглавие Эмоциональный интеллект
b Продолж. заглавия Сборник
250 Сведения об издании __
a Основные сведения об издании 3
260 Выходные данные __
a Место издания Москва
b Издательство ООО "Альпина Паблишер"
c Дата издания 2026
300 Физическое описание __
a Объем 188 с.
520 Аннотация __
a Аннотация Harvard Business Review — ведущий мировой деловой журнал с многолетней историей. В новой книге серии «Harvard Business Review: 10 лучших статей» собраны лучшие работы мировых специалистов по вопросам эмоционального интеллекта и лидерства за всю историю журнала. Какие личностные качества должны быть у хорошего руководителя? Почему так важно прислушиваться к мнению коллег? Как обуздать свой темперамент и не дать характеру испортить карьеру? Как развить собственный EQ и поднять на новый уровень эмоциональный интеллект сотрудников? Эти и другие вопросы необходимые для успешного личного профессионального развития подробно описаны авторами данного сборника.
521 Примеч. о цел. назн. __
a Примеч. о целев. назн. Дополнительное профессиональное образование
650 Тематические рубрики __
a Основная рубрика Управление (менеджмент)
x Основная подрубрика Психология и социология менеджмента
655 Указ. предметных рубрик (устаревшее) __
a Жанр/ форма (устаревшее) Сборник
856 Электронный адрес документа 4_
a Имя сервера/домена znanium.ru
m Помощь ebs_support@infra-m.ru
n Местонахождение сервера НИЦ ИНФРА-М
u URL https://znanium.ru/catalog/document?id=473078
856 Электронный адрес документа 48
a Имя сервера/домена znanium.ru
d Путь /cover/2234
f Электронное имя 2234255.jpg
q Тип электронного формата image/jpeg
u URL https://znanium.ru/cover/2234/2234255.jpg
911 __
u 0030=https://znanium.ru/catalog/document?id=473078